000 00263nam a22001217a 4500
008 180806b xxu||||| |||| 00| 0 eng d
082 _a813.52
245 _aPhysioEX 9.0
_cPearson
260 _c2011
300 _a1
_fCD
440 _x0321811402
942 _2ddc
_cMX
999 _c46809
_d46809